| 000 | 01245naa a22003377a 4500 | ||
|---|---|---|---|
| 001 | BR7801211 | ||
| 003 | BR-BrBNA | ||
| 005 | 20250721155546.0 | ||
| 007 | ta | ||
| 008 | 250630b bl.|||m| |||| 00| 0 por d | ||
| 040 |
_aBR-BrBNA _bpor _cBiblioteca Nacional de Agricultura |
||
| 041 | _a(Pt) | ||
| 072 | _aE30 | ||
| 090 | _aE30 BR7801211 | ||
| 100 | 1 | _aSimoes, R. | |
| 100 | 1 | _aTeixeira Filho, A.R. | |
| 100 | 1 | _aCastro, F.G. | |
| 111 | 1 |
_a4. Simposio sobre o Cerrado _cBrasilia, DF (Brazil) _d21 Jun 1976 |
|
| 245 | 1 | _aAspectos da estrutura e do uso dos recursos em areas de cerrado | |
| 500 | _a4. Simposio sobre o Cerrado: bases para utilizacao agropecuaria Ferri, M.G.(ed.) Belo Horizonte, MG (Brasil): Ed. Itatiaia, 1977. p. 353-372 [9 tables; 9 ref.] (BR7801211-AMS) | ||
| 773 | 0 |
_t4. Simposio sobre o Cerrado: bases para utilizacao agropecuaria _aFerri, M.G.(ed.) _wE30 BR7801211 _gBelo Horizonte, MG (Brasil), 1977. p. 353-372 |
|
| 650 | _aDesenvolvimento Agricola | ||
| 650 | _aAssistencia Tecnica | ||
| 650 | _aCerrado | ||
| 650 | _aMinas Gerais | ||
| 650 | _aMato Grosso | ||
| 650 | _aGoias | ||
| 490 |
_aReconquista do Brasil (Brazil) _vno. 38 |
||
| 942 |
_cAMS _2AGRIS |
||
| 909 |
_a202506 _bLúcia _c55 _dLúcia Elande |
||
| 999 |
_c337226 _d337226 |
||